000 00530nam a2200169 4500
001 117908
003 ES-MaACL
005 20230906191007.0
007 t|
008 070214s1969 sp r ||||1| spa d
100 1 _aPeissel, Michel.
_990007
245 1 0 _aMustang, reino prohibido en el Himalaya /
_cMichel Peissel ; traducción de Gloria Martinengo.
260 _aBarcelona :
_bJuventud,
_c1969.
300 _a334 p. 14 lám. :
_bil ;
_c23 cm.
700 1 _aMartinengo, Gloria.
_977702
852 _aES-MaACL
_jC-36022
_bR.69415
999 _c117908
_d117908